Statistics for Cleveland Browns Trivia

Click here to take the quiz!

General Stats

  • This quiz has been taken 1,027 times
    (377 since last reset)
  • The average score is 9 of 11

Answer Stats

QuestionAnswer% Correct
Quarterback drafted #1 overall in 2018Baker Mayfield
94%
Name of the Browns' famous fan sectionThe {Dawg} Pound
94%
Former Browns player considered by some to be the best NFL running back of all-timeJim Brown
93%
Famous basketball player who is a fan of the BrownsLeBron James
93%
The only other NFL team to record an 0-16 seasonDetroit Lions
90%
Running back who rushed for 1,525 yards in 2022Nick Chubb
88%
City that the Browns moved to in 1995 – changing their name in the processBaltimore
85%
Receiver who led the team in yards in 2022 and 2023Amari Cooper
76%
Nickname of former Browns quarterback Johnny ManzielJohnny Football
66%
One of the team mascotsBrownie the {Elf}
60%
Quarterback who led the Browns to three NFL championships in the 1950sOtto Graham
51%

Score Distribution

Percentile by Number Answered

Percent of People with Each Score

Your Score History

You have not taken this quiz since the last reset